|
|
|
|
| LEADER |
01275nam a2200373 i 4500 |
| 001 |
001805427 |
| 003 |
CZ BrMZK |
| 005 |
20220428061536.0 |
| 007 |
ta |
| 008 |
211110s1984 xr e f 000 0 cze |
| 020 |
|
|
|q (Brožováno)
|
| 040 |
|
|
|a PNA001
|b cze
|d BOA001
|e rda
|
| 045 |
|
|
|a x1x1
|
| 072 |
|
7 |
|a 94(47+57)
|x Dějiny SSSR a Ruska
|2 Konspekt
|9 8
|
| 080 |
|
|
|a 94(470+571)"1917"
|2 MRF
|
| 080 |
|
|
|a (072)
|2 MRF
|
| 100 |
1 |
|
|a Šiška, Miroslav,
|d 1952-
|7 xx0004637
|4 aut
|
| 245 |
1 |
0 |
|a Velká říjnová socialistická revoluce 1917 :
|b (k 67. výročí VŘSR) /
|c Miroslav Šiška
|
| 264 |
|
1 |
|a Praha :
|b Český ústřední výbor SČSP,
|c 1984
|
| 300 |
|
|
|a 12 stran ;
|c 22 cm
|
| 336 |
|
|
|a text
|b txt
|2 rdacontent
|
| 337 |
|
|
|a bez média
|b n
|2 rdamedia
|
| 338 |
|
|
|a svazek
|b nc
|2 rdacarrier
|
| 490 |
1 |
|
|a Lektorské listy SČSP
|
| 500 |
|
|
|a Název z obálky
|
| 504 |
|
|
|a Obsahuje bibliografické odkazy
|
| 648 |
|
7 |
|a 1917
|7 ch967348
|
| 650 |
0 |
7 |
|a říjnová revoluce (1917 : Rusko)
|7 ph138781
|2 czenas
|
| 655 |
|
7 |
|a metodické příručky
|7 fd132826
|2 czenas
|
| 830 |
|
0 |
|a Lektorské listy SČSP
|
| 910 |
|
|
|a BOA001
|b 2-1204.632
|
| 990 |
|
|
|a BK
|
| 991 |
|
|
|b 202204
|
| 996 |
6 |
|
|b 2610888911
|c 2-1204.632
|l MZK
|r Sklad / do 1 hodiny
|n 0
|p dar
|w 001872982
|u 000010
|a 1
|e BOA001
|j MZK50
|s P
|